[Event "International Championship of Central Serbia 2015 - OPEN A"]
[Site "Paracin"]
[Date "2015.07.07"]
[Round "6.26"]
[White "Dimitrijevic, Nenad"]
[Black "Pantelic, Sasa"]
[Result "0-1"]
[WhiteElo "2216"]
[BlackElo "2324"]
[PlyCount "80"]
[EventDate "2015.07.03"]

1. e4 c5 2. Nf3 d6 3. Bb5+ Bd7 4. Bxd7+ Nxd7 5. O-O Ngf6 6. Re1 e6 7. b3 Be7 8.
Bb2 O-O 9. c4 a6 10. d4 cxd4 11. Nxd4 Qb6 12. Nc3 Ne5 13. Qd2 Rfd8 14. Rad1
Rac8 15. Na4 Qc7 16. f4 Nc6 17. Kh1 Nxd4 18. Bxd4 Qc6 19. Bb6 Rd7 20. Qe2 Bd8
21. e5 Ne8 22. Qf2 g6 23. Qd4 Ng7 24. exd6 Nf5 25. Qf2 Bh4 26. Qb2 Bxe1 27.
Rxe1 Rxd6 28. c5 Rd4 29. Nc3 Rxf4 30. Qd2 Rd4 31. Qf2 Re8 32. Kg1 e5 33. Ne2
Rd2 34. g4 Nd4 35. Nxd4 Rxd4 36. h3 Qd5 37. Ba5 Qxc5 38. Bd2 Qd5 39. Re2 Rd3
40. Be3 Rd1+ 0-1

[Event "International Championship of Central Serbia 2015 - OPEN A"]
[Site "Paracin"]
[Date "2015.07.07"]
[Round "6.27"]
[White "Hjelmas, Lars"]
[Black "Furman, Boris"]
[Result "1-0"]
[WhiteElo "2291"]
[BlackElo "2239"]
[PlyCount "77"]
[EventDate "2015.07.03"]

1. d4 Nf6 2. c4 e6 3. g3 d5 4. Nf3 Bb4+ 5. Nbd2 dxc4 6. Bg2 Bd7 7. O-O Bc6 8.
Nxc4 O-O 9. a3 Be7 10. Bf4 a5 11. Qd2 a4 12. Rac1 Be4 13. Rfd1 c6 14. Qe1 Bd5
15. Bd2 Nbd7 16. Bb4 Ne4 17. Nfe5 Ra6 18. f3 Bxc4 19. Nxc4 Nef6 20. e4 Re8 21.
f4 Nf8 22. Rc2 Bxb4 23. Qxb4 Qe7 24. Qxe7 Rxe7 25. Ne5 N8d7 26. Nd3 Ra5 27. Rc4
Nb6 28. Rb4 Rb5 29. Rxb5 cxb5 30. d5 exd5 31. exd5 Nfd7 32. d6 Re2 33. Bxb7 Rc2
34. Ba6 b4 35. axb4 f6 36. Nc5 Rxb2 37. Nxd7 Nxd7 38. Bb5 Nb6 39. Bxa4 1-0

[Event "International Championship of Central Serbia 2015 - OPEN A"]
[Site "Paracin"]
[Date "2015.07.07"]
[Round "6.28"]
[White "Livaja, Mario"]
[Black "Radovic, Luka"]
[Result "1-0"]
[WhiteElo "2216"]
[BlackElo "2290"]
[PlyCount "61"]
[EventDate "2015.07.03"]

1. d4 d5 2. c4 c6 3. Nc3 Nf6 4. Nf3 dxc4 5. g3 Bg4 6. Bg2 Nbd7 7. O-O e6 8. Qc2
Bb4 9. Rd1 O-O 10. Ne5 Nxe5 11. dxe5 Nd5 12. Ne4 Qc7 13. Ng5 g6 14. Qxc4 Qxe5
15. Qxg4 Bc5 16. Qe4 Qc7 17. Qc2 Bb6 18. a3 Rad8 19. Ne4 Qe5 20. Bh6 Rfe8 21.
Bd2 Qf5 22. Rac1 h5 23. Nc5 Qf6 24. e4 Nc7 25. Bc3 Qg5 26. Na4 Nb5 27. Nxb6
axb6 28. h4 Qc5 29. Rxd8 Rxd8 30. Bf6 Qxc2 31. Rxc2 1-0

[Event "International Championship of Central Serbia 2015 - OPEN A"]
[Site "Paracin"]
[Date "2015.07.07"]
[Round "6.29"]
[White "Zarkovic, Mila"]
[Black "Gavrilescu, David"]
[Result "1/2-1/2"]
[WhiteElo "2209"]
[BlackElo "2282"]
[PlyCount "60"]
[EventDate "2015.07.03"]

1. e4 c5 2. Nf3 e6 3. d4 cxd4 4. Nxd4 a6 5. Nc3 b5 6. Bd3 Qb6 7. Nb3 Qc7 8. Be3
Bb7 9. f4 Nf6 10. Qf3 b4 11. Na4 d5 12. Nac5 dxe4 13. Nxe4 Nbd7 14. O-O Be7 15.
Bd4 Rc8 16. Rac1 O-O 17. c3 Qb8 18. cxb4 Bxe4 19. Bxe4 Nxe4 20. Qxe4 Qxb4 21.
Qd3 Nc5 22. Nxc5 Bxc5 23. Bxc5 Rxc5 24. a3 Qb5 25. Qxb5 Rxb5 26. b4 a5 27. Rc5
Rfb8 28. Rfc1 Rxc5 29. bxc5 Kf8 30. c6 Ke7 1/2-1/2

[Event "International Championship of Central Serbia 2015 - OPEN A"]
[Site "Paracin"]
[Date "2015.07.07"]
[Round "6.30"]
[White "Marjanovics, Annamaria"]
[Black "Kett, Tim"]
[Result "1-0"]
[WhiteElo "2277"]
[BlackElo "2219"]
[PlyCount "101"]
[EventDate "2015.07.03"]

1. e4 e5 2. Nf3 Nc6 3. Bb5 a6 4. Ba4 Nf6 5. O-O Be7 6. Re1 b5 7. Bb3 d6 8. c3
O-O 9. h3 Bb7 10. d4 Re8 11. Nbd2 Bf8 12. d5 Nb8 13. Nf1 Nbd7 14. Ng3 Nc5 15.
Bc2 a5 16. a4 bxa4 17. Be3 Nfd7 18. Bxa4 Nxa4 19. Qxa4 g6 20. Qb5 Qc8 21. c4 c6
22. Qb3 Bg7 23. Nd2 Ra6 24. Ra3 Qa8 25. f3 Bf6 26. Rea1 Bh4 27. Ne2 f5 28. Kh2
Nf6 29. Nc3 cxd5 30. cxd5 Nh5 31. Qb5 Bg3+ 32. Kh1 Nf4 33. Rxa5 Rxa5 34. Rxa5
Qd8 35. Ra7 Re7 36. Rxb7 Rxb7 37. Qxb7 Qh4 38. Nf1 Be1 39. Qb8+ Kf7 40. Qa7+
Kg8 41. Bxf4 exf4 42. exf5 Bf2 43. Qb8+ Kg7 44. Qc7+ Kh6 45. Qxd6 Ba7 46. Ne2
Qf2 47. Qxf4+ g5 48. Qd6+ Kg7 49. Qe7+ Kg8 50. Qxg5+ Kf7 51. Nfg3 1-0

[Event "International Championship of Central Serbia 2015 - OPEN A"]
[Site "Paracin"]
[Date "2015.07.07"]
[Round "6.31"]
[White "Persson, Richard"]
[Black "Petrov, Martin"]
[Result "0-1"]
[WhiteElo "2158"]
[BlackElo "2276"]
[PlyCount "90"]
[EventDate "2015.07.03"]

1. e4 c5 2. Nf3 e6 3. d3 d5 4. Nbd2 Nc6 5. g3 Bd6 6. Bg2 Nge7 7. O-O O-O 8. Re1
Qc7 9. Qe2 f6 10. h4 Bd7 11. b3 b5 12. Bb2 d4 13. e5 Nxe5 14. Nxe5 Bxe5 15.
Bxa8 Rxa8 16. a4 b4 17. Qg4 Qc6 18. Kf1 Nd5 19. Qf3 Bc7 20. Ke2 e5 21. Rg1 f5
22. Rae1 Re8 23. Kd1 Nc3+ 24. Bxc3 Qxf3+ 25. Nxf3 dxc3 26. Re2 Bc6 27. Nh2 e4
28. Kc1 Rb8 29. Rd1 h5 30. Nf1 Kf7 31. Rde1 Re8 32. f3 exf3 33. Rxe8 Bxe8 34.
Rxe8 Kxe8 35. Nh2 f4 36. Nxf3 fxg3 37. Kd1 g2 38. Ke2 Bg3 39. Ng1 Bh2 40. Kf2
Kf7 41. Kxg2 Bxg1 42. Kxg1 g5 43. hxg5 Kg6 44. Kg2 Kxg5 45. a5 Kf4 0-1

[Event "International Championship of Central Serbia 2015 - OPEN A"]
[Site "Paracin"]
[Date "2015.07.07"]
[Round "6.32"]
[White "Cvetanovic, Uros"]
[Black "Jovanovic, Sasa T"]
[Result "1/2-1/2"]
[WhiteElo "2264"]
[BlackElo "2211"]
[PlyCount "40"]
[EventDate "2015.07.03"]

1. Nf3 d5 2. g3 c5 3. Bg2 Nc6 4. O-O e5 5. d3 Nf6 6. Nbd2 Be7 7. e4 O-O 8. Re1
dxe4 9. dxe4 Ne8 10. Nc4 Qxd1 11. Rxd1 Nd4 12. c3 Nxf3+ 13. Bxf3 f6 14. Be2 Nc7
15. f4 exf4 16. gxf4 f5 17. e5 Be6 18. Nd6 b6 19. Nb5 Nxb5 20. Bxb5 Rad8
1/2-1/2

[Event "International Championship of Central Serbia 2015 - OPEN A"]
[Site "Paracin"]
[Date "2015.07.07"]
[Round "6.33"]
[White "Radeva, Viktoria"]
[Black "Vujacic, Borivoje"]
[Result "0-1"]
[WhiteElo "2042"]
[BlackElo "2262"]
[PlyCount "66"]
[EventDate "2015.07.03"]

1. e4 c5 2. Nf3 d6 3. d4 cxd4 4. Nxd4 Nf6 5. Nc3 a6 6. f3 e5 7. Nb3 Be6 8. Be3
Nbd7 9. Qd2 Be7 10. Nd5 Bxd5 11. exd5 Rc8 12. c4 O-O 13. Be2 b6 14. Rc1 a5 15.
Na1 Nh5 16. O-O f5 17. Bd3 Nc5 18. Nc2 h6 19. Na3 Bg5 20. Nb5 Bxe3+ 21. Qxe3
Nf4 22. Bc2 Qg5 23. Kf2 Qxg2+ 24. Ke1 Qxh2 25. Rf2 Qh4 26. Kd2 Qf6 27. b3 Nh3
28. Rh2 Ng5 29. Rf1 Rce8 30. Bxf5 e4 31. Nd4 Nxf3+ 32. Nxf3 exf3 33. Qxf3 Qb2+
0-1

[Event "International Championship of Central Serbia 2015 - OPEN A"]
[Site "Paracin"]
[Date "2015.07.07"]
[Round "6.34"]
[White "Verendel, Jan"]
[Black "Baglan, Esat"]
[Result "0-1"]
[WhiteElo "1964"]
[BlackElo "2257"]
[PlyCount "58"]
[EventDate "2015.07.03"]

1. d4 Nf6 2. c4 g6 3. Nc3 Bg7 4. e4 O-O 5. Nf3 d6 6. Be2 e5 7. O-O Nc6 8. d5
Ne7 9. Nd2 Ne8 10. b4 f5 11. Ba3 Nf6 12. exf5 gxf5 13. f4 exf4 14. Rc1 Ng4 15.
Bxg4 fxg4 16. Nde4 Ng6 17. Qd2 Bf5 18. Rce1 Be5 19. g3 f3 20. c5 Qd7 21. Bb2
Qg7 22. Nd1 Bxb2 23. Qxb2 Bxe4 24. Rxe4 Ne5 25. Nf2 h5 26. Qd4 b6 27. Rc1 Rae8
28. Rce1 Re7 29. Nd3 f2+ 0-1

[Event "International Championship of Central Serbia 2015 - OPEN A"]
[Site "Paracin"]
[Date "2015.07.07"]
[Round "6.35"]
[White "Tosic, Srecko"]
[Black "Stefanov, Emil"]
[Result "0-1"]
[WhiteElo "2377"]
[BlackElo "2088"]
[PlyCount "64"]
[EventDate "2015.07.03"]

1. d4 c5 2. dxc5 e6 3. Nc3 Bxc5 4. Ne4 d5 5. Nxc5 Qa5+ 6. Qd2 Qxc5 7. Qg5 Qf8
8. Nf3 f6 9. Qh4 Nc6 10. Bd2 e5 11. e3 Be6 12. Be2 Nge7 13. Qa4 Qf7 14. O-O O-O
15. Rfd1 Rfd8 16. Be1 Rac8 17. Rac1 Nf5 18. Bb5 e4 19. Nd4 Ncxd4 20. exd4 Qg6
21. Qa3 Nd6 22. Be2 Nc4 23. Bxc4 Rxc4 24. Qg3 Bg4 25. Rd2 Rdc8 26. c3 Qh5 27.
Qe3 R4c6 28. f3 exf3 29. h3 fxg2 30. Kxg2 Bf5 31. Bf2 Re8 32. Qg3 Bxh3+ 0-1

[Event "International Championship of Central Serbia 2015 - OPEN A"]
[Site "Paracin"]
[Date "2015.07.07"]
[Round "6.36"]
[White "Vajic, Goran"]
[Black "Dogan, Nazmi Can"]
[Result "0-1"]
[WhiteElo "2372"]
[BlackElo "2182"]
[PlyCount "60"]
[EventDate "2015.07.03"]

1. e4 c5 2. Nc3 a6 3. f4 b5 4. Nf3 Bb7 5. d3 e6 6. g3 b4 7. Nb1 d5 8. e5 Nc6 9.
Bg2 h5 10. O-O Nh6 11. Be3 Ng4 12. Bf2 Be7 13. h3 Nxf2 14. Rxf2 g5 15. Qd2 g4
16. hxg4 hxg4 17. Nh2 Nd4 18. Qd1 Nf5 19. Qxg4 c4 20. Qf3 cxd3 21. cxd3 Bc5 22.
Ng4 Qb6 23. Nd2 Rc8 24. Raf1 Bxf2+ 25. Rxf2 Rc1+ 26. Nf1 Re1 27. Nf6+ Kd8 28.
Qg4 Qe3 29. Nh5 Kc8 30. Bf3 Rxf1+ 0-1

[Event "International Championship of Central Serbia 2015 - OPEN A"]
[Site "Paracin"]
[Date "2015.07.07"]
[Round "6.37"]
[White "Milenkovic, Mladen"]
[Black "Injac, Teodora"]
[Result "1-0"]
[WhiteElo "2344"]
[BlackElo "2165"]
[PlyCount "101"]
[EventDate "2015.07.03"]

1. e4 e6 2. d4 d5 3. Nc3 Nf6 4. Bg5 dxe4 5. Nxe4 Be7 6. Bxf6 gxf6 7. Nf3 f5 8.
Ng3 c5 9. Bb5+ Nc6 10. Qe2 cxd4 11. O-O-O O-O 12. Bxc6 bxc6 13. Nxd4 Qc7 14.
Rhe1 Bg5+ 15. Kb1 Rb8 16. Nh5 Rb6 17. c4 Ba6 18. Nf3 Be7 19. Ne5 Rd8 20. Rxd8+
Bxd8 21. Rd1 Bc8 22. Qe3 Bh4 23. g3 Be7 24. Re1 Qd8 25. Qh6 Qf8 26. Nf6+ Bxf6
27. Qxf6 Qg7 28. Qd8+ Qf8 29. Rd1 f6 30. Qc7 Rb7 31. Qa5 Kg7 32. Rd8 Qe7 33.
Nxc6 Qc7 34. Qc5 f4 35. g4 e5 36. Qf8+ Kg6 37. Rxc8 Qb6 38. Qe8+ Kh6 39. Qf8+
Kg5 40. h4+ Kxg4 41. Qa3 Qxf2 42. Rg8+ Kh5 43. Qc3 Qf1+ 44. Qc1 Qd3+ 45. Ka1
Rd7 46. Rg1 Rc7 47. Nb4 Qd4 48. Nd5 Rc6 49. Qf1 Qxc4 50. Nxf6+ Kh6 51. Ng8+ 1-0

[Event "International Championship of Central Serbia 2015 - OPEN A"]
[Site "Paracin"]
[Date "2015.07.07"]
[Round "6.38"]
[White "Besedes, Danilo"]
[Black "Aleksic, Neven"]
[Result "1-0"]
[WhiteElo "2307"]
[BlackElo "2068"]
[PlyCount "103"]
[EventDate "2015.07.03"]

1. Nf3 Nf6 2. b3 d5 3. Bb2 e6 4. e3 Be7 5. d4 O-O 6. Bd3 c5 7. O-O Nc6 8. a3
Nd7 9. Nbd2 Bf6 10. c4 cxd4 11. exd4 dxc4 12. bxc4 Nc5 13. Bxh7+ Kxh7 14. Qc2+
Kg8 15. dxc5 e5 16. Rfe1 Qe7 17. Ne4 Bf5 18. Rad1 Rad8 19. Rd5 Qe6 20. Qd2 Bg4
21. Qd3 Be7 22. Ng3 Bxc5 23. Nxe5 Nxe5 24. Rexe5 Rxd5 25. cxd5 Qb6 26. Qd2 f6
27. Re4 Bd7 28. Bd4 Rc8 29. h4 Bxd4 30. Rxd4 Qd6 31. Qd3 b5 32. h5 Rc1+ 33. Kh2
Qe5 34. Re4 Qg5 35. d6 f5 36. Qd5+ Kh7 37. Qe5 Bc6 38. Rf4 Rc4 39. Rxc4 bxc4
40. Qxf5+ Qxf5 41. Nxf5 Bd7 42. Ne3 c3 43. Kg3 Kh6 44. Kh4 Kh7 45. g4 Kg8 46.
f4 Kf7 47. f5 Ba4 48. Kg5 a6 49. Nc4 c2 50. Ne5+ Ke8 51. Nd3 Kf7 52. Kf4 1-0

[Event "International Championship of Central Serbia 2015 - OPEN A"]
[Site "Paracin"]
[Date "2015.07.07"]
[Round "6.39"]
[White "Persson, Andreas"]
[Black "Stojkovska, Monika"]
[Result "1-0"]
[WhiteElo "2258"]
[BlackElo "2061"]
[PlyCount "120"]
[EventDate "2015.07.03"]

1. d4 e6 2. c4 Nf6 3. Nc3 Bb4 4. e3 O-O 5. Nge2 d5 6. a3 Bd6 7. Ng3 c6 8. Be2
dxc4 9. Bxc4 e5 10. dxe5 Bxe5 11. Qc2 Nbd7 12. O-O b5 13. Be2 Qb6 14. f4 Bc7
15. Nf5 Re8 16. Kh1 Nc5 17. Nd4 Bg4 18. b4 Ne6 19. Nf3 a5 20. Bd2 axb4 21. axb4
Bd6 22. Rab1 Bf8 23. h3 Bxf3 24. Bxf3 Rac8 25. Qd3 Qb8 26. Ne2 Nd7 27. e4 Nb6
28. Qb3 Nc4 29. Bc1 Red8 30. Bg4 Qd6 31. e5 Qd3 32. Qxd3 Rxd3 33. f5 Nc7 34.
Nf4 Rd4 35. e6 f6 36. Bf3 Na6 37. Ra1 Nxb4 38. Ra7 Bc5 39. Rd7 Ne5 40. Rb7 Nxf3
41. gxf3 Bd6 42. Nh5 Nd5 43. Rxg7+ Kh8 44. Rd7 Rh4 45. Rxd6 Rxh3+ 46. Kg2 Rxh5
47. Kf2 Rxf5 48. Rh1 h5 49. Bb2 Ne7 50. Rd7 Re8 51. Rg1 Kh7 52. Ra1 Kg6 53.
Raa7 Rd5 54. Rxe7 Rxe7 55. Rxe7 Rd2+ 56. Ke3 Rxb2 57. Kd4 Rc2 58. Re8 Rc4+ 59.
Ke3 Rc1 60. Kd4 Rc5 1-0

[Event "International Championship of Central Serbia 2015 - OPEN A"]
[Site "Paracin"]
[Date "2015.07.07"]
[Round "6.40"]
[White "Breivik, Lars"]
[Black "Vasova, Maria"]
[Result "1/2-1/2"]
[WhiteElo "2247"]
[BlackElo "2022"]
[PlyCount "139"]
[EventDate "2015.07.03"]

1. d4 d5 2. Nf3 Nf6 3. e3 c6 4. c4 g6 5. Nc3 Bg7 6. Ne5 Nfd7 7. Nxd7 Qxd7 8.
Qb3 e6 9. Bd2 O-O 10. f4 Qe7 11. Be2 dxc4 12. Qxc4 b5 13. Qb3 Bb7 14. O-O Nd7
15. Ne4 a5 16. Rac1 Rfe8 17. Qc2 Bf8 18. a3 Qd8 19. b4 axb4 20. Bxb4 Ra4 21.
Nc5 Ra7 22. Rfd1 Qc7 23. Qd2 Ba8 24. Rc2 Rd8 25. Qc1 Nxc5 26. dxc5 Qc8 27. Bf3
Be7 28. e4 Rad7 29. Rxd7 Rxd7 30. Rd2 Rxd2 31. Qxd2 Qd8 32. Qxd8+ Bxd8 33. Kf2
Kf8 34. Ke3 Ke8 35. g4 Bb7 36. f5 e5 37. fxg6 fxg6 38. Bd1 Bc8 39. h3 Be6 40.
a4 bxa4 41. Bxa4 Kd7 42. Kd3 g5 43. Bc3 Bf6 44. Kc2 Bc4 45. Kd2 Bf1 46. Bd1 Kc7
47. Be2 Bxe2 48. Kxe2 Kb7 49. Kd3 Ka6 50. Kc4 Bg7 51. Bd2 Bf6 52. Kb4 Be7 53.
Be1 Bd8 54. Bg3 Bf6 55. Ka4 Bg7 56. h4 h6 57. h5 Bf6 58. Be1 Bd8 59. Bd2 Be7
60. Bc3 Bf6 61. Ba5 Kb7 62. Kb4 Be7 63. Bb6 Bf6 64. Kc4 Be7 65. Ba5 Bf6 66. Kb3
Be7 67. Kb4 Bf6 68. Kc4 Be7 69. Kb4 Bf6 70. Kc4 1/2-1/2

[Event "International Championship of Central Serbia 2015 - OPEN A"]
[Site "Paracin"]
[Date "2015.07.07"]
[Round "6.41"]
[White "Dimitrijevic, Dusan"]
[Black "Popovic, Aleksandar M"]
[Result "1/2-1/2"]
[WhiteElo "2115"]
[BlackElo "2246"]
[PlyCount "98"]
[EventDate "2015.07.03"]

1. d4 Nf6 2. c4 e6 3. Nc3 Bb4 4. Nf3 b6 5. e3 c5 6. Bd3 O-O 7. O-O Bb7 8. Bd2
d5 9. a3 dxc4 10. Bxc4 Ba5 11. Qe2 a6 12. Ba2 Nbd7 13. Rfd1 Qe7 14. Rac1 e5 15.
dxc5 e4 16. Nxe4 Qxe4 17. Bb1 Qg4 18. c6 Bxc6 19. Rxc6 Ne5 20. Rcc1 Nxf3+ 21.
Qxf3 Qxf3 22. gxf3 Bxd2 23. Rxd2 Rfd8 24. Rcd1 Rxd2 25. Rxd2 Kf8 26. Rd6 Rb8
27. Bd3 Ke7 28. Rc6 Kd7 29. Rc4 b5 30. Rc5 Kd6 31. b4 g6 32. f4 Nd7 33. Rc3 f5
34. f3 Nf6 35. e4 fxe4 36. fxe4 Nh5 37. f5 Ke5 38. Rc5+ Kd4 39. Bc2 Ke3 40.
fxg6 hxg6 41. e5 Re8 42. Kg2 Rd8 43. Kh3 Rd2 44. Kh4 Rg2 45. Bxg6 Nf4 46. Bf5
Rxh2+ 47. Kg5 Rh5+ 48. Kf6 Kd4 49. e6 Nd5+ 1/2-1/2

[Event "International Championship of Central Serbia 2015 - OPEN A"]
[Site "Paracin"]
[Date "2015.07.07"]
[Round "6.42"]
[White "Ozalp, Burak"]
[Black "Lekic, Lazar"]
[Result "1-0"]
[WhiteElo "2113"]
[BlackElo "2235"]
[PlyCount "35"]
[EventDate "2015.07.03"]

1. e4 c5 2. Nf3 e6 3. d4 cxd4 4. Nxd4 a6 5. Nc3 Qc7 6. g3 b5 7. Bg2 Bb7 8. O-O
Nf6 9. Re1 d5 10. Bg5 Be7 11. Bxf6 gxf6 12. Qh5 O-O 13. Nxd5 Qd8 14. Bh3 Nc6
15. Bf5 exf5 16. Nxf5 Kh8 17. Qh6 Rg8 18. Ndxe7 1-0

[Event "International Championship of Central Serbia 2015 - OPEN A"]
[Site "Paracin"]
[Date "2015.07.07"]
[Round "6.43"]
[White "Sorgic, Dragan"]
[Black "Kovacevic, Bozidar"]
[Result "1-0"]
[WhiteElo "2234"]
[BlackElo "2000"]
[PlyCount "78"]
[EventDate "2015.07.03"]

1. e4 e6 2. d4 d5 3. Nc3 dxe4 4. Nxe4 Nd7 5. Nf3 Ngf6 6. Bd3 Nxe4 7. Bxe4 Nf6
8. Bd3 c5 9. dxc5 Bxc5 10. O-O O-O 11. Bg5 b6 12. Qe2 Bb7 13. Rad1 Qc7 14. Ne5
Be7 15. c4 Rad8 16. Rfe1 g6 17. a3 Ne8 18. Bh6 Ng7 19. b4 Bf6 20. Ng4 Bc3 21.
Rf1 Qc6 22. f3 Qc7 23. Rc1 Bd4+ 24. Kh1 Rfe8 25. Bg5 Rd7 26. Nf6+ Bxf6 27. Bxf6
Nh5 28. Be5 Qd8 29. Be4 Rd2 30. Qe3 Bxe4 31. fxe4 Qd3 32. g4 Ng7 33. Qxd3 Rxd3
34. c5 bxc5 35. bxc5 Rc8 36. c6 Ne8 37. g5 Kf8 38. c7 Ke7 39. a4 Kd7 1-0

[Event "International Championship of Central Serbia 2015 - OPEN A"]
[Site "Paracin"]
[Date "2015.07.07"]
[Round "6.44"]
[White "Djokic, Nebojsa"]
[Black "Egorova, Ayyyna"]
[Result "1-0"]
[WhiteElo "2224"]
[BlackElo "1901"]
[PlyCount "51"]
[EventDate "2015.07.03"]

1. e4 Nf6 2. e5 Nd5 3. d4 d6 4. Nf3 Bg4 5. Be2 e6 6. c4 Nb6 7. O-O dxe5 8. Nxe5
Bxe2 9. Qxe2 Qxd4 10. Rd1 Qh4 11. Qf3 f6 12. g3 Qh3 13. Be3 fxe5 14. Bxb6 axb6
15. Qxb7 Bc5 16. Qc8+ Kf7 17. Qxh8 Bxf2+ 18. Kxf2 Qxh2+ 19. Kf1 Qh1+ 20. Ke2
Qg2+ 21. Ke1 Qxg3+ 22. Kd2 Ra4 23. Rf1+ Ke7 24. Qf8+ Kd7 25. Nc3 Rxc4 26. Rad1
1-0

[Event "International Championship of Central Serbia 2015 - OPEN A"]
[Site "Paracin"]
[Date "2015.07.07"]
[Round "6.45"]
[White "Naik, Rishubh Naresh"]
[Black "Todorovic, Bojan"]
[Result "0-1"]
[WhiteElo "2007"]
[BlackElo "2361"]
[PlyCount "94"]
[EventDate "2015.07.03"]

1. d4 d5 2. Nf3 Nf6 3. e3 c6 4. b3 Bg4 5. Be2 e6 6. Bb2 Be7 7. O-O Nbd7 8. Nbd2
O-O 9. c4 a5 10. a3 Qb6 11. Bd3 Bh5 12. Qc2 Bg6 13. Rac1 Rac8 14. Bxg6 hxg6 15.
cxd5 exd5 16. Ne5 c5 17. Nd3 Qa6 18. dxc5 Nxc5 19. Nxc5 Bxc5 20. Qb1 Ng4 21.
Nf3 Nxe3 22. fxe3 Bxe3+ 23. Kh1 Rxc1 24. Rxc1 Bxc1 25. Qxc1 Qd3 26. b4 a4 27.
h3 Re8 28. Kh2 Qc4 29. Qg5 Qc7+ 30. Be5 Qd7 31. Bd4 Qf5 32. Qxf5 gxf5 33. Kg3
Re4 34. Kf2 g5 35. Bc5 Rc4 36. Be7 g4 37. hxg4 fxg4 38. Ne5 Rc2+ 39. Kf1 f5 40.
Nd3 Rc3 41. Nc5 b5 42. Nb7 Rxa3 43. Nd6 Re3 44. Nxf5 Re5 45. Nh6+ Kh7 46. Bf6
Re4 47. Bg5 a3 0-1

[Event "International Championship of Central Serbia 2015 - OPEN A"]
[Site "Paracin"]
[Date "2015.07.07"]
[Round "6.46"]
[White "Zlatanovic, Zoran"]
[Black "Nikolovski, Nikola"]
[Result "1-0"]
[WhiteElo "2123"]
[BlackElo "2293"]
[PlyCount "105"]
[EventDate "2015.07.03"]

1. Nf3 Nf6 2. g3 g6 3. Bg2 Bg7 4. O-O O-O 5. d3 Nc6 6. e4 e5 7. c3 d5 8. Nbd2
h6 9. Qc2 Be6 10. b4 dxe4 11. dxe4 Nd7 12. Rd1 Qe7 13. Nf1 Rfd8 14. Ne3 Nb6 15.
Nd2 Qe8 16. a4 a6 17. a5 Nd7 18. Nd5 Rac8 19. Nb3 Ncb8 20. c4 c6 21. Nb6 Nxb6
22. axb6 Rxd1+ 23. Qxd1 Nd7 24. c5 Rd8 25. Qc2 Bxb3 26. Qxb3 Nf8 27. Be3 Ne6
28. Bf1 Nd4 29. Qa2 Qd7 30. h3 h5 31. Kg2 Bf6 32. Rd1 h4 33. g4 Qe7 34. Bc4 Kg7
35. Rd3 Bg5 36. Qd2 Bxe3 37. fxe3 Ne6 38. Rd6 Rxd6 39. cxd6 Qd8 40. Bxe6 fxe6
41. d7 Kf7 42. Qd6 g5 43. Kf2 Kf6 44. Ke2 Kf7 45. Kd3 Kf6 46. Kc4 Kf7 47. Qc7
Ke7 48. Qxb7 Kd6 49. Qc8 Qxd7 50. Qxd7+ Kxd7 51. Kc5 Kd8 52. Kd6 Kc8 53. Kxc6
1-0

[Event "International Championship of Central Serbia 2015 - OPEN A"]
[Site "Paracin"]
[Date "2015.07.07"]
[Round "6.47"]
[White "Mikanovic, Sandro"]
[Black "Markovic, Miroslav R"]
[Result "1-0"]
[WhiteElo "2212"]
[BlackElo "2114"]
[PlyCount "99"]
[EventDate "2015.07.03"]

1. c4 c5 2. g3 e6 3. Bg2 Nf6 4. Nf3 Nc6 5. O-O Be7 6. Nc3 a6 7. e3 d5 8. cxd5
exd5 9. d4 cxd4 10. Nxd4 O-O 11. b3 Bc5 12. Nxc6 bxc6 13. Bb2 Bg4 14. Qc2 Rc8
15. Na4 Ba7 16. Nc5 a5 17. Rac1 Re8 18. Bd4 Bb8 19. Qc3 Qe7 20. Qxa5 h5 21. Qc3
h4 22. Rfe1 Nh5 23. e4 hxg3 24. fxg3 Qg5 25. exd5 cxd5 26. Rxe8+ Rxe8 27. Re1
Be6 28. Nxe6 fxe6 29. Qe3 Qg6 30. Be5 Bxe5 31. Qxe5 Nf6 32. Bf3 Qc2 33. Re2 Qd3
34. Qe3 Qa6 35. g4 e5 36. g5 d4 37. Qf2 Nh7 38. Qg2 g6 39. Bc6 Re7 40. Qd5+ Kg7
41. Rxe5 Rf7 42. Bb5 Qb6 43. Re6 Qa7 44. Qe5+ Nf6 45. gxf6+ Kh6 46. Re7 Qa3 47.
Rxf7 Qc1+ 48. Bf1 d3 49. Rd7 d2 50. Qe3+ 1-0

[Event "International Championship of Central Serbia 2015 - OPEN A"]
[Site "Paracin"]
[Date "2015.07.07"]
[Round "6.48"]
[White "Tscharotschkin, Michael"]
[Black "Vassilev, Martin"]
[Result "1-0"]
[WhiteElo "2182"]
[BlackElo "2030"]
[PlyCount "107"]
[EventDate "2015.07.03"]

1. d4 Nf6 2. Nf3 g6 3. Bf4 d5 4. e3 Bg7 5. Bd3 O-O 6. O-O Nh5 7. c3 Nxf4 8.
exf4 Qd6 9. g3 c5 10. dxc5 Qxc5 11. Nbd2 Nc6 12. Nb3 Qd6 13. Be2 Bg4 14. Re1
Rfd8 15. Nfd4 Bxe2 16. Rxe2 Nxd4 17. Nxd4 e6 18. Qd3 Qb6 19. Rd1 Rac8 20. Red2
h5 21. Nf3 Qc7 22. Qe3 Qc5 23. Ng5 b5 24. a3 a5 25. Nf3 Rd7 26. Nd4 Rb7 27. Rd3
Bxd4 28. Rxd4 Qb6 29. f5 exf5 30. Qf3 Re8 31. Rxd5 Rbe7 32. Rd6 Qc7 33. Qd5 Re5
34. Rxg6+ Kh7 35. Qc6 Re1+ 36. Rxe1 Rxe1+ 37. Kg2 Qxc6+ 38. Rxc6 Re5 39. b4
axb4 40. axb4 Kg7 41. Kf3 f6 42. h4 Kf7 43. Kf4 Ke7 44. f3 Rd5 45. Rc5 Rd3 46.
Rxf5 Rxc3 47. Rxb5 Ke6 48. Rc5 Rb3 49. Rc6+ Kf7 50. Rb6 Kg7 51. g4 hxg4 52.
Kxg4 Kg6 53. h5+ Kg7 54. f4 1-0

[Event "International Championship of Central Serbia 2015 - OPEN A"]
[Site "Paracin"]
[Date "2015.07.07"]
[Round "6.49"]
[White "Kuzmanovic, Slobodan"]
[Black "Martynov, Petr"]
[Result "1-0"]
[WhiteElo "2173"]
[BlackElo "1932"]
[PlyCount "33"]
[EventDate "2015.07.03"]

1. e4 e5 2. Nf3 Nc6 3. Bb5 Nge7 4. c3 a6 5. Bc4 d5 6. exd5 Nxd5 7. d4 e4 8. Ng5
e3 9. Nxf7 Qf6 10. O-O Be6 11. fxe3 Qh4 12. g3 Qe4 13. Ng5 Qg6 14. Nxe6 Qxe6
15. Qh5+ g6 16. Qxd5 Qxd5 17. Bxd5 1-0

[Event "International Championship of Central Serbia 2015 - OPEN A"]
[Site "Paracin"]
[Date "2015.07.07"]
[Round "6.50"]
[White "Konstantinov, Aleksandar"]
[Black "Arsic, Djordje"]
[Result "0-1"]
[WhiteElo "2046"]
[BlackElo "2153"]
[PlyCount "82"]
[EventDate "2015.07.03"]

1. d4 Nf6 2. c4 e6 3. Nc3 Bb4 4. e3 O-O 5. Nge2 Re8 6. a3 Bf8 7. e4 d5 8. e5
Nfd7 9. c5 b6 10. b4 a5 11. Rb1 axb4 12. axb4 bxc5 13. bxc5 Ba6 14. Ng3 Bxf1
15. Nxf1 f6 16. f4 Nc6 17. Ng3 fxe5 18. fxe5 Qh4 19. Be3 Ra3 20. Rc1 Ndxe5 21.
dxe5 d4 22. O-O Rd8 23. Rf4 dxc3 24. Rxh4 Rxd1+ 25. Rxd1 c2 26. Rc1 Rxe3 27.
Rxc2 Rxe5 28. Re4 Rd5 29. Rec4 Nd4 30. R2c3 Nb5 31. Rc1 Nd4 32. c6 Bd6 33. Rb1
Be5 34. Ne4 Nf5 35. Ng5 Kf8 36. Nxe6+ Ke7 37. Nf4 Rd2 38. Re1 Kd6 39. Kh1 Ne3
40. Re4 Bxf4 41. Rxf4 Nxg2 0-1

[Event "International Championship of Central Serbia 2015 - OPEN A"]
[Site "Paracin"]
[Date "2015.07.07"]
[Round "6.51"]
[White "Aydincelebi, Kagan"]
[Black "Velikic, Adela"]
[Result "0-1"]
[WhiteElo "1910"]
[BlackElo "2128"]
[PlyCount "68"]
[EventDate "2015.07.03"]

1. e4 c5 2. Nf3 d6 3. Bb5+ Nd7 4. d4 cxd4 5. Qxd4 a6 6. Bxd7+ Bxd7 7. c4 Nf6 8.
Nc3 e6 9. O-O Be7 10. Bg5 O-O 11. Rad1 Bc6 12. e5 dxe5 13. Qxd8 Rfxd8 14. Nxe5
Be8 15. Bxf6 Bxf6 16. f4 Be7 17. Rxd8 Rxd8 18. Rd1 Rc8 19. b3 f6 20. Nf3 b5 21.
Nd4 Bh5 22. Rd3 Rd8 23. Rh3 Bc5 24. Rxh5 Bxd4+ 25. Kf1 Bxc3 26. cxb5 axb5 27.
Rxb5 Rd1+ 28. Ke2 Rd2+ 29. Ke3 Rxa2 30. Kd3 Be1 31. Rb8+ Kf7 32. b4 Rxg2 33. b5
Bf2 34. b6 Bxb6 0-1